01499naa a22003137a 4500001001000000003000900010005001700019007000300036008003400039040005400073041000900127072002600136090001800162100002000180111014900200245011600349500018100465773018000646650001700826650001900843650001400862650002100876650001400897490008000911942001500991909004001006999001901046952012001065BR6007128BR-BrBNA20250709164604.0ta250630b bl.|||m| |||| 00| 0 por d aBR-BrBNAbporcBiblioteca Nacional de Agricultura a(Pt) aH60b0230b3876bG514 aH60 BR60071281 aSouza, J.A.G.C.1 a4. Seminario Brasileiro de Herbicidas e Ervas Daninhas; 1. Reuniao Latinoamericana de Luta Contra as Ervas MascItaguai, RJ (Brazil)d3 Jul 19621 aAplicacao de herbicidas em cultura de cana-de-acucar na regiao de Araras, SP [Saccharum spp, Sao Paulo, Brasil] aAnais do 4. Seminario Brasileiro de Herbicidas e Ervas Daninhas e 1. Reuniao Latinoamericana de Luta Contra as Ervas Mas Itaguai, RJ (Brasil): 1962. p. 171-177 (BR6007128-AMS) 0 tAnais do 4. Seminario Brasileiro de Herbicidas e Ervas Daninhas e 1. Reuniao Latinoamericana de Luta Contra as Ervas MaswH60 BR6007128gItaguai, RJ (Brasil), 1962. p. 171-177 aERVA DANINHA aCANA DE ACUCAR aHERBICIDA aCONTROLE QUIMICO aSAO PAULO aBoletim - Instituto de Ecologia e Experimentacao Agricolas (Brazil)vno. 23 cAMS2AGRIS a202506bLúciac55dLúcia Elande c332561d332561 002AGRIS40708AGROBASEa41918b41918l0r2025-06-30t01yAMS10d2025-06-30ePortaria Interministerial nº 164/94